00709 2200229 4500001002100000005001700021008004100038020001800079035002400097082001000121090001700131100001900148245015000167260004800317300002800365500001100393650002300404700001600427850001500443985000600458999001500464YOGYA-0209000003904420090227025430.0 ind  a1-59139-307-8 0010-020900000039044 a658.4 a658.4bJan K aJANSITI, Marco aThe keystone advantagebwhat the new dynamics of business ecosystems mean for strategy, innovation, and sustainabilitycMarco Jansiti, Roy Levien aBostonbHarvard Business School Pressc2004 ax, 255 hlmbilusc24 cm aIndeks aManajemen strategi aLevien, Roy aYOPDYOG[B] a1 a05B0012653